[Event "Stay Safe Play From Home slow tournament"]
[Site "Emanuel Lasker Arena"]
[Date "2020.08.29"]
[Round "4"]
[White "Marcus Wolters"]
[Black "Aap64"]
[Result "0-1"]
[WhiteElo "1766"]
[BlackElo "1766"]
[Annotator "NA"]
[PlyCount "64"]
[EventDate "2020.08.29"]
[EventType "swiss (rapid)"]

1. d4 {[%emt 0:00:04]} Nf6 {[%emt 0:00:02]} 2. Bf4 {[%emt 0:00:11]} d5 {[%emt 0:00:12]} 3. e3 {[%emt 0:00:11]} Bf5 {[%emt 0:00:02]} 4. Nd2 {[%emt 0:00:07]} e6 {[%emt 0:00:18]} 5. c4 {[%emt 0:00:07]} Bd6 {[%emt 0:00:18]} 6. Bg5 {[%emt 0:00:02]} c6 {[%emt 0:00:15]} 7. c5 {[%emt 0:00:03]} Bc7 {[%emt 0:00:01]} 8. b4 {[%emt 0:00:24]} h6 {[%emt 0:00:04]} 9. Bh4 {[%emt 0:00:08]} Nbd7 {[%emt 0:00:14]} 10. Ngf3 {[%emt 0:00:04]} e5 {[%emt 0:00:41]} 11. Nb3 {[%emt 0:01:41]} e4 {[%emt 0:00:38]} 12. Nfd2 {[%emt 0:00:07]} Qb8 {[%emt 0:00:15]} 13. Be2 {[%emt 0:00:49]} Nf8 {[%emt 0:03:24]} 14. Bxf6 {[%emt 0:00:45]} gxf6 {[%emt 0:00:03]} 15. g3 {[%emt 0:00:07]} Bg6 {[%emt 0:00:22]} 16. a4 {[%emt 0:01:39]} h5 {[%emt 0:00:09]} 17. Rg1 {[%emt 0:01:39]} h4 {[%emt 0:00:19]} 18. Qc2 {[%emt 0:01:12]} hxg3 {[%emt 0:00:14]} 19. hxg3 {[%emt 0:00:07]} Qc8 {[%emt 0:01:43]} 20. O-O-O {[%emt 0:00:07]} Qf5 {[%emt 0:00:07]} 21. Rdf1 {[%emt 0:01:21]} Rh2 {[%emt 0:00:11]} 22. g4 {[%emt 0:00:18]} Qg5 {[%emt 0:00:37]} 23. Qd1 {[%emt 0:00:21]} Qh4 {[%emt 0:00:48]} 24. f3 {[%emt 0:01:48]} f5 {[%emt 0:01:03]} 25. fxe4 {[%emt 0:00:20]} fxe4 {[%emt 0:00:06]} 26. Rh1 {[%emt 0:00:53]} O-O-O {[%emt 0:02:23]} 27. Rxh2 {[%emt 0:00:09]} Qxh2 {[%emt 0:00:03]} 28. Rh1 {[%emt 0:00:04]} Qg3 {[%emt 0:00:02]} 29. Qf1 {[%emt 0:00:41]} Qxe3 {[%emt 0:00:12]} 30. Qf6 {[%emt 0:00:09]} Qc3+ {[%emt 0:00:30]} 31. Kd1 {[%emt 0:00:10]} e3 {[%emt 0:00:09]} 32. Rh3 {[%emt 0:00:59]} Bc2+ {[%emt 0:00:13] Marcus Wolters gibt auf Marcus Wolters gibt auf Marcus Wolters gibt auf (Lag: Av=0.57s, max=1.0s) (Lag: Av=0.57s, max=1.0s) (Lag: Av=0.57s, max=1.0s)} 0-1

[Event "Stay Safe Play From Home slow tournament"]
[Site "Emanuel Lasker Arena"]
[Date "2020.08.29"]
[Round "4"]
[White "Emine Yanik"]
[Black "Kongle"]
[Result "1-0"]
[WhiteElo "1733"]
[BlackElo "1956"]
[Annotator "NA"]
[PlyCount "101"]
[EventDate "2020.08.29"]
[EventType "swiss (rapid)"]
[TimeControl "900+5"]

1. f4 {[%emt 0:00:05]} b6 {[%emt 0:00:09]} 2. b3 {[%emt 0:00:05]} Bb7 {[%emt 0:00:01]} 3. Nf3 {[%emt 0:00:02]} d6 {[%emt 0:00:06]} 4. Bb2 {[%emt 0:00:02]} f6 {[%emt 0:00:02]} 5. d4 {[%emt 0:00:16]} Nd7 {[%emt 0:00:05]} 6. Nbd2 {[%emt 0:00:23]} Nh6 {[%emt 0:00:08]} 7. e4 {[%emt 0:00:09]} e6 {[%emt 0:00:10]} 8. Nh4 {[%emt 0:00:17]} Qe7 {[%emt 0:00:20]} 9. a4 {[%emt 0:00:18]} a6 {[%emt 0:00:05]} 10. Bd3 {[%emt 0:00:24]} O-O-O {[%emt 0:00:07]} 11. Qe2 {[%emt 0:00:07]} f5 {[%emt 0:00:08]} 12. Nhf3 {[%emt 0:00:10]} fxe4 {[%emt 0:00:03]} 13. Nxe4 {[%emt 0:00:13]} a5 {[%emt 0:00:17]} 14. Ba3 {[%emt 0:00:37]} Nf6 {[%emt 0:00:33]} 15. b4 {[%emt 0:00:46]} Nxe4 {[%emt 0:00:19]} 16. Bxe4 {[%emt 0:00:03]} Bxe4 {[%emt 0:00:02]} 17. Qxe4 {[%emt 0:00:00]} d5 {[%emt 0:00:02]} 18. Qe2 {[%emt 0:00:29]} axb4 {[%emt 0:00:03]} 19. Qa6+ {[%emt 0:00:24]} Kb8 {[%emt 0:00:04]} 20. Ne5 {[%emt 0:00:24]} Qd6 {[%emt 0:02:53]} 21. a5 {[%emt 0:01:05]} bxa3 {[%emt 0:01:20]} 22. axb6 {[%emt 0:00:18]} Qb4+ {[%emt 0:00:24]} 23. Ke2 {[%emt 0:00:29]} cxb6 {[%emt 0:01:45]} 24. Nc6+ {[%emt 0:00:09]} Kc7 {[%emt 0:00:01]} 25. Nxb4 {[%emt 0:00:07]} Bxb4 {[%emt 0:00:02]} 26. Qa7+ {[%emt 0:01:26]} Kc8 {[%emt 0:00:18]} 27. Qxb6 {[%emt 0:00:13]} Bd6 {[%emt 0:00:07]} 28. Rhb1 {[%emt 0:00:10]} Kd7 {[%emt 0:00:11]} 29. Qb7+ {[%emt 0:00:18]} Bc7 {[%emt 0:00:29]} 30. Rb6 {[%emt 0:00:13]} Rc8 {[%emt 0:00:30]} 31. Qc6+ {[%emt 0:00:03]} Ke7 {[%emt 0:00:05]} 32. Qxe6+ {[%emt 0:00:02]} Kf8 {[%emt 0:00:08]} 33. Rb7 {[%emt 0:00:06]} Re8 {[%emt 0:00:21]} 34. Qxe8+ {[%emt 0:00:09]} Kxe8 {[%emt 0:00:02]} 35. Rxc7 {[%emt 0:00:00]} Nf7 {[%emt 0:00:16]} 36. Rxa3 {[%emt 0:00:03]} Nd8 {[%emt 0:00:20]} 37. Ra8 {[%emt 0:00:06]} g6 {[%emt 0:00:06]} 38. Kf3 {[%emt 0:00:08]} h6 {[%emt 0:00:13]} 39. g4 {[%emt 0:00:03]} Rf8 {[%emt 0:00:06]} 40. h4 {[%emt 0:00:03]} g5 {[%emt 0:00:03]} 41. hxg5 {[%emt 0:00:02]} hxg5 {[%emt 0:00:01]} 42. f5 {[%emt 0:00:00]} Rh8 {[%emt 0:00:03]} 43. Kg2 {[%emt 0:00:07]} Rh6 {[%emt 0:00:14]} 44. Rg7 {[%emt 0:00:13]} Rc6 {[%emt 0:00:10]} 45. Rg8+ {[%emt 0:00:05]} Kf7 {[%emt 0:00:01]} 46. Rgxd8 {[%emt 0:00:03]} Rxc2+ {[%emt 0:00:01]} 47. Kf3 {[%emt 0:00:01]} Rc3+ {[%emt 0:00:02]} 48. Ke2 {[%emt 0:00:01]} Rc2+ {[%emt 0:00:08]} 49. Kd3 {[%emt 0:00:01]} Rg2 {[%emt 0:00:01]} 50. Rd7+ {[%emt 0:00:07]} Kf6 {[%emt 0:00:01]} 51. Ra6# {[%emt 0:00:02] (Lag: Av=0.84s, max=3.4s)} 1-0

[Event "Stay Safe Play From Home slow tournament"]
[Site "Emanuel Lasker Arena"]
[Date "2020.08.29"]
[Round "4"]
[White "vinter"]
[Black "Amitm55"]
[Result "1-0"]
[WhiteElo "1698"]
[BlackElo "1725"]
[Annotator "NA"]
[PlyCount "39"]
[EventDate "2020.08.29"]
[EventType "swiss (rapid)"]

1. d4 {[%emt 0:00:04]} Nf6 {[%emt 0:05:34]} 2. c4 {[%emt 0:00:16]} c5 {[%emt 0:00:06]} 3. d5 {[%emt 0:00:05]} b5 {[%emt 0:00:03]} 4. cxb5 {[%emt 0:00:04]} Qa5+ {[%emt 0:00:05]} 5. Nc3 {[%emt 0:00:19]} a6 {[%emt 0:00:07]} 6. Bd2 {[%emt 0:02:17]} axb5 {[%emt 0:00:25]} 7. e3 {[%emt 0:00:45]} Ba6 {[%emt 0:00:04]} 8. Nxb5 {[%emt 0:00:29]} Qb6 {[%emt 0:00:05]} 9. a4 {[%emt 0:00:23]} Nxd5 {[%emt 0:00:08]} 10. Nf3 {[%emt 0:01:09]} Nc6 {[%emt 0:00:26]} 11. Bc4 {[%emt 0:00:48]} Bxb5 {[%emt 0:00:54]} 12. Bxb5 {[%emt 0:03:26]} g6 {[%emt 0:00:18]} 13. O-O {[%emt 0:00:40]} Bg7 {[%emt 0:00:02]} 14. e4 {[%emt 0:00:52]} Nc7 {[%emt 0:00:34]} 15. Bc3 {[%emt 0:00:19]} Bxc3 {[%emt 0:00:15]} 16. bxc3 {[%emt 0:00:06]} Nxb5 {[%emt 0:00:02]} 17. axb5 {[%emt 0:00:05]} Rxa1 {[%emt 0:00:05]} 18. Qxa1 {[%emt 0:00:03]} Qxb5 {[%emt 0:00:10]} 19. c4 {[%emt 0:00:08]} Qb7 {[%emt 0:00:12]} 20. Qxh8# {[%emt 0:00:05] Mate Mate Mate Mate Mate Mate} 1-0

[Event "Stay Safe Play From Home slow tournament"]
[Site "Emanuel Lasker Arena"]
[Date "2020.08.29"]
[Round "5"]
[White "Ghilea75"]
[Black "Ulff"]
[Result "0-1"]
[WhiteElo "2012"]
[BlackElo "1878"]
[Annotator "NA RC"]
[PlyCount "68"]
[EventDate "2020.08.29"]
[EventType "swiss (rapid)"]

1. e4 {[%emt 0:00:05]} c5 {[%emt 0:00:13]} 2. Nc3 {[%emt 0:00:05]} d6 {[%emt 0:00:21]} 3. g3 {[%emt 0:00:07]} Nc6 {[%emt 0:00:05]} 4. Bg2 {[%emt 0:00:04]} g6 {[%emt 0:00:02]} 5. Nge2 {[%emt 0:00:04]} e6 {[%emt 0:00:02]} 6. O-O {[%emt 0:00:04]} Bg7 {[%emt 0:00:02]} 7. d3 {[%emt 0:00:09]} Nge7 {[%emt 0:00:02]} 8. Be3 {[%emt 0:00:05]} O-O {[%emt 0:00:15]} 9. Qd2 {[%emt 0:00:04]} Bd7 {[%emt 0:00:11]} 10. Bh6 {[%emt 0:00:11]} a6 {[%emt 0:00:21]} 11. Bxg7 {[%emt 0:00:09]} Kxg7 {[%emt 0:00:02]} 12. Rad1 {[%emt 0:00:07]} Nd4 {[%emt 0:00:57]} 13. Nxd4 {[%emt 0:00:14]} cxd4 {[%emt 0:00:03]} 14. Ne2 {[%emt 0:00:03]} e5 {[%emt 0:00:03]} 15. c3 {[%emt 0:00:14]} dxc3 {[%emt 0:00:40]} 16. Nxc3 {[%emt 0:00:18]} Be6 {[%emt 0:01:12]} 17. d4 {[%emt 0:00:17]} Qb6 {[%emt 0:00:36]} 18. Kh1 {[%emt 0:00:42]} Rad8 {[%emt 0:01:02]} 19. d5 {[%emt 0:01:00]} Bd7 {[%emt 0:00:42]} 20. f4 {[%emt 0:00:03]} f6 {[%emt 0:00:04]} 21. fxe5 {[%emt 0:00:20]} fxe5 {[%emt 0:00:44]} 22. h4 {[%emt 0:01:07]} h6 {[%emt 0:01:31]} 23. b3 {[%emt 0:00:48]} Ng8 {[%emt 0:00:24]} 24. Nb1 {[%emt 0:01:10]} Qa7 {[%emt 0:01:26]} 25. Na3 {[%emt 0:00:24]} b5 {[%emt 0:00:17]} 26. b4 {[%emt 0:00:52]} Nf6 {[%emt 0:00:25]} 27. Bf3 {[%emt 0:00:26]} Bh3 {[%emt 0:00:44]} 28. Rfe1 {[%emt 0:00:41]} Ng4 {[%emt 0:00:30]} 29. Bxg4 {[%emt 0:00:34]} Bxg4 {[%emt 0:00:07]} 30. Ra1 {[%emt 0:00:14]} Rf2 {[%emt 0:00:29]} 31. Qe3 {[%emt 0:00:09]} Qf7 {[%emt 0:01:07]} 32. Kg1 {[%emt 0:01:06]} Rf3 {[%emt 0:00:09]} 33. Kg2 {[%emt 0:00:36]} Rxe3 {[%emt 0:00:06]} 34. Rxe3 {[%emt 0:00:01]} Rf8 {[%emt 0:00:08] Ghilea75 resigns Ghilea75 resigns Ghilea75 resigns (Lag: Av=0.77s, max=1.2s) (Lag: Av=0.77s, max=1.2s) (Lag: Av=0.77s, max=1.2s)} 0-1

[Event "Stay Safe Play From Home slow tournament"]
[Site "Emanuel Lasker Arena"]
[Date "2020.08.29"]
[Round "5"]
[White "MartinKestler"]
[Black "B1b"]
[Result "1/2-1/2"]
[WhiteElo "1979"]
[BlackElo "2034"]
[PlyCount "108"]
[EventDate "2020.08.29"]
[EventType "swiss (rapid)"]

1. Nf3 {[%emt 0:00:01]} d5 {[%emt 0:00:19]} 2. d4 {[%emt 0:00:08]} Nf6 {[%emt 0:00:05]} 3. g3 {[%emt 0:00:02]} e6 {[%emt 0:00:12]} 4. Bg2 {[%emt 0:00:01]} Ne4 {[%emt 0:00:04]} 5. O-O {[%emt 0:00:05]} Bd6 {[%emt 0:00:09]} 6. c4 {[%emt 0:00:01]} O-O {[%emt 0:00:05]} 7. cxd5 {[%emt 0:00:03]} exd5 {[%emt 0:00:00]} 8. Nc3 {[%emt 0:00:03]} Nxc3 {[%emt 0:00:05]} 9. bxc3 {[%emt 0:00:00]} Re8 {[%emt 0:00:02]} 10. Qc2 {[%emt 0:00:12]} Nd7 {[%emt 0:00:12]} 11. c4 {[%emt 0:00:11]} Nf6 {[%emt 0:00:29]} 12. Bg5 {[%emt 0:00:08]} Be6 {[%emt 0:00:17]} 13. c5 {[%emt 0:00:14]} Be7 {[%emt 0:00:04]} 14. Bxf6 {[%emt 0:00:07]} Bxf6 {[%emt 0:00:04]} 15. Qb3 {[%emt 0:00:06]} Rb8 {[%emt 0:00:09]} 16. e3 {[%emt 0:00:07]} c6 {[%emt 0:00:08]} 17. Rac1 {[%emt 0:00:21]} Qc8 {[%emt 0:00:14]} 18. Qa3 {[%emt 0:00:08]} a6 {[%emt 0:00:06]} 19. Qb4 {[%emt 0:00:09]} h5 {[%emt 0:00:05]} 20. h4 {[%emt 0:00:03]} Bf5 {[%emt 0:00:24]} 21. Rfe1 {[%emt 0:00:12]} Be4 {[%emt 0:00:06]} 22. Qd2 {[%emt 0:00:45]} Kh8 {[%emt 0:00:24]} 23. Qe2 {[%emt 0:00:11]} Qf5 {[%emt 0:00:15]} 24. Ng5 {[%emt 0:00:24]} Bxg5 {[%emt 0:00:28]} 25. hxg5 {[%emt 0:00:28]} Qxg5 {[%emt 0:00:07]} 26. Bxe4 {[%emt 0:00:03]} Rxe4 {[%emt 0:00:04]} 27. Kg2 {[%emt 0:00:03]} Rbe8 {[%emt 0:00:16]} 28. Qf3 {[%emt 0:00:07]} f5 {[%emt 0:00:18]} 29. Rh1 {[%emt 0:00:07]} g6 {[%emt 0:00:05]} 30. Rb1 {[%emt 0:00:04]} R8e7 {[%emt 0:00:14]} 31. Rb2 {[%emt 0:00:01]} Rf7 {[%emt 0:00:16]} 32. Rhb1 {[%emt 0:00:05]} Ree7 {[%emt 0:00:11]} 33. Qf4 {[%emt 0:00:19]} Qxf4 {[%emt 0:00:07]} 34. exf4 {[%emt 0:00:00]} Kg7 {[%emt 0:00:07]} 35. Rb4 {[%emt 0:00:12]} Kf6 {[%emt 0:00:04]} 36. a4 {[%emt 0:00:04]} g5 {[%emt 0:00:09]} 37. fxg5+ {[%emt 0:00:01]} Kxg5 {[%emt 0:00:00]} 38. a5 {[%emt 0:00:01]} f4 {[%emt 0:00:14]} 39. R1b3 {[%emt 0:00:10]} fxg3 {[%emt 0:00:17]} 40. Rxg3+ {[%emt 0:00:41]} Kh6 {[%emt 0:00:06]} 41. Rbb3 {[%emt 0:00:40]} Re4 {[%emt 0:00:21]} 42. Rgf3 {[%emt 0:00:24]} Rff4 {[%emt 0:00:42]} 43. Rxf4 {[%emt 0:00:04]} Rxf4 {[%emt 0:00:03]} 44. Rxb7 {[%emt 0:00:01]} Rxd4 {[%emt 0:00:02]} 45. Rb6 {[%emt 0:00:02]} Rc4 {[%emt 0:00:15]} 46. Rxc6+ {[%emt 0:00:03]} Kg5 {[%emt 0:00:02]} 47. Rc8 {[%emt 0:00:24]} d4 {[%emt 0:00:14]} 48. Kf3 {[%emt 0:00:50]} h4 {[%emt 0:00:23]} 49. Ke4 {[%emt 0:00:10]} h3 {[%emt 0:00:20]} 50. Rg8+ {[%emt 0:01:08]} Kh4 {[%emt 0:00:37]} 51. Rh8+ {[%emt 0:01:14]} Kg4 {[%emt 0:00:08]} 52. Rg8+ {[%emt 0:00:35]} Kh4 {[%emt 0:00:03]} 53. Rh8+ {[%emt 0:00:01]} Kg4 {[%emt 0:00:02]} 54. Rg8+ {[%emt 0:00:01]} Kh4 {[%emt 0:00:01] (Lag: Av=0.50s, max=1.0s) (Lag: Av=0.50s, max=1.0s) (Lag: Av=0.50s, max=1.0s)} 1/2-1/2

[Event "Stay Safe Play From Home slow tournament"]
[Site "Emanuel Lasker Arena"]
[Date "2020.08.29"]
[Round "5"]
[White "Kongle"]
[Black "vinter"]
[Result "1-0"]
[WhiteElo "1929"]
[BlackElo "1716"]
[PlyCount "51"]
[EventDate "2020.08.29"]
[EventType "swiss (rapid)"]

1. d4 {[%emt 0:00:02]} Nf6 {[%emt 0:00:12]} 2. c4 {[%emt 0:00:05]} g6 {[%emt 0:00:05]} 3. Nc3 {[%emt 0:00:03]} d5 {[%emt 0:00:04]} 4. f3 {[%emt 0:00:07]} Bg7 {[%emt 0:00:17]} 5. e4 {[%emt 0:00:06]} dxe4 {[%emt 0:00:45]} 6. fxe4 {[%emt 0:00:19]} c5 {[%emt 0:01:01]} 7. d5 {[%emt 0:00:11]} O-O {[%emt 0:01:57]} 8. Be2 {[%emt 0:01:23]} e6 {[%emt 0:01:40]} 9. Bg5 {[%emt 0:01:15]} Qa5 {[%emt 0:00:43]} 10. Bd2 {[%emt 0:00:09]} Qd8 {[%emt 0:02:27]} 11. Nf3 {[%emt 0:00:22]} exd5 {[%emt 0:00:09]} 12. exd5 {[%emt 0:00:12]} Bf5 {[%emt 0:01:40]} 13. O-O {[%emt 0:00:13]} Nbd7 {[%emt 0:00:25]} 14. Bf4 {[%emt 0:00:28]} Ne4 {[%emt 0:00:32]} 15. Nxe4 {[%emt 0:00:40]} Bxe4 {[%emt 0:00:06]} 16. Qd2 {[%emt 0:00:06]} Qf6 {[%emt 0:01:02]} 17. Ng5 {[%emt 0:00:56]} Bf5 {[%emt 0:01:01]} 18. g4 {[%emt 0:00:08]} h6 {[%emt 0:01:14]} 19. Nh3 {[%emt 0:00:17]} g5 {[%emt 0:00:17]} 20. gxf5 {[%emt 0:00:28]} gxf4 {[%emt 0:00:15]} 21. Nxf4 {[%emt 0:01:06]} Qg5+ {[%emt 0:00:30]} 22. Kh1 {[%emt 0:00:05]} Bd4 {[%emt 0:00:08]} 23. Rf3 {[%emt 0:00:30]} Nf6 {[%emt 0:00:17]} 24. Rg3 {[%emt 0:00:09]} Ng4 {[%emt 0:00:09]} 25. Rxg4 {[%emt 0:00:02]} Qxg4 {[%emt 0:00:04]} 26. Bxg4 {[%emt 0:00:03] vinter resigns vinter resigns vinter resigns (Lag: Av=1.35s, max=4.1s) (Lag: Av=1.35s, max=4.1s) (Lag: Av=1.35s, max=4.1s)} 1-0

[Event "Stay Safe Play From Home slow tournament"]
[Site "Emanuel Lasker Arena"]
[Date "2020.08.29"]
[Round "5"]
[White "Action26"]
[Black "Roefe Detlef"]
[Result "1-0"]
[WhiteElo "1910"]
[BlackElo "1862"]
[Annotator "NA"]
[PlyCount "115"]
[EventDate "2020.08.29"]
[EventType "swiss (rapid)"]

1. d4 {[%emt 0:00:02]} d5 {[%emt 0:00:30]} 2. c4 {[%emt 0:00:04]} dxc4 {[%emt 0:00:14]} 3. e4 {[%emt 0:00:03]} Nf6 {[%emt 0:00:01]} 4. Nc3 {[%emt 0:00:03]} b6 {[%emt 0:00:01]} 5. Bxc4 {[%emt 0:00:05]} Bb7 {[%emt 0:00:01]} 6. f3 {[%emt 0:00:05]} e6 {[%emt 0:00:01]} 7. Nge2 {[%emt 0:00:03]} Be7 {[%emt 0:00:01]} 8. O-O {[%emt 0:00:04]} Nbd7 {[%emt 0:00:01]} 9. Bf4 {[%emt 0:00:04]} a6 {[%emt 0:00:03]} 10. Rc1 {[%emt 0:00:03]} c5 {[%emt 0:00:01]} 11. d5 {[%emt 0:00:06]} e5 {[%emt 0:00:04]} 12. Bg3 {[%emt 0:00:04]} Bd6 {[%emt 0:00:02]} 13. a4 {[%emt 0:00:12]} O-O {[%emt 0:00:03]} 14. Bh4 {[%emt 0:00:48]} Qc7 {[%emt 0:00:06]} 15. Ng3 {[%emt 0:00:14]} g6 {[%emt 0:00:05]} 16. Qd2 {[%emt 0:00:07]} Ne8 {[%emt 0:00:04]} 17. Bg5 {[%emt 0:00:50]} Ng7 {[%emt 0:00:04]} 18. Bh6 {[%emt 0:00:17]} f6 {[%emt 0:00:03]} 19. h4 {[%emt 0:00:07]} Rf7 {[%emt 0:00:03]} 20. h5 {[%emt 0:00:44]} gxh5 {[%emt 0:00:09]} 21. Bxg7 {[%emt 0:00:16]} Rxg7 {[%emt 0:00:00]} 22. Nxh5 {[%emt 0:00:13]} Rg6 {[%emt 0:00:06]} 23. Kf2 {[%emt 0:00:20]} Rf8 {[%emt 0:00:02]} 24. g4 {[%emt 0:00:10]} Rf7 {[%emt 0:00:11]} 25. Rh1 {[%emt 0:00:09]} Nf8 {[%emt 0:00:05]} 26. Rh2 {[%emt 0:00:14]} Qd7 {[%emt 0:00:23]} 27. Rch1 {[%emt 0:00:06]} Kh8 {[%emt 0:00:07]} 28. Ng3 {[%emt 0:00:06]} Rg5 {[%emt 0:00:09]} 29. Nf5 {[%emt 0:00:03]} Ng6 {[%emt 0:00:07]} 30. Ke3 {[%emt 0:00:46]} Nf4 {[%emt 0:00:02]} 31. Qe1 {[%emt 0:00:04]} h5 {[%emt 0:00:58]} 32. Kd2 {[%emt 0:00:31]} Rh7 {[%emt 0:00:05]} 33. Qf1 {[%emt 0:00:29]} Kg8 {[%emt 0:00:07]} 34. Bxa6 {[%emt 0:00:32]} Bf8 {[%emt 0:00:17]} 35. Bb5 {[%emt 0:00:09]} Qc7 {[%emt 0:00:10]} 36. Ne2 {[%emt 0:00:19]} c4 {[%emt 0:00:46]} 37. Nxf4 {[%emt 0:00:10]} exf4 {[%emt 0:00:02]} 38. Qxc4 {[%emt 0:00:06]} Qe5 {[%emt 0:00:21]} 39. Qc3 {[%emt 0:00:14]} Bc5 {[%emt 0:00:42]} 40. Qxe5 {[%emt 0:00:14]} fxe5 {[%emt 0:00:01]} 41. Rxh5 {[%emt 0:00:12]} Rhxh5 {[%emt 0:00:04]} 42. Rxh5 {[%emt 0:00:04]} Rxh5 {[%emt 0:00:03]} 43. gxh5 {[%emt 0:00:03]} Bc8 {[%emt 0:00:06]} 44. Kd3 {[%emt 0:00:55]} Bxf5 {[%emt 0:00:05]} 45. exf5 {[%emt 0:00:03]} Kg7 {[%emt 0:00:01]} 46. Kc4 {[%emt 0:00:29]} Bd6 {[%emt 0:00:08]} 47. b4 {[%emt 0:00:20]} Kh6 {[%emt 0:00:05]} 48. Be8 {[%emt 0:00:22]} Kg5 {[%emt 0:00:02]} 49. a5 {[%emt 0:00:15]} bxa5 {[%emt 0:00:02]} 50. bxa5 {[%emt 0:00:04]} Kxf5 {[%emt 0:00:02]} 51. h6 {[%emt 0:00:15]} Kf6 {[%emt 0:00:02]} 52. a6 {[%emt 0:00:03]} Bb8 {[%emt 0:00:02]} 53. d6 {[%emt 0:00:08]} Ba7 {[%emt 0:00:09]} 54. d7 {[%emt 0:00:07]} Ke7 {[%emt 0:00:02]} 55. h7 {[%emt 0:00:03]} e4 {[%emt 0:00:01]} 56. fxe4 {[%emt 0:00:06]} f3 {[%emt 0:00:02]} 57. Kd3 {[%emt 0:00:13]} f2 {[%emt 0:00:00]} 58. Ke2 {[%emt 0:00:02] Roefe Detlef gibt auf Roefe Detlef gibt auf Roefe Detlef gibt auf (Lag: Av=0.37s, max=0.7s) (Lag: Av=0.37s, max=0.7s) (Lag: Av=0.37s, max=0.7s)} 1-0

[Event "Stay Safe Play From Home slow tournament"]
[Site "Emanuel Lasker Arena"]
[Date "2020.08.29"]
[Round "5"]
[White "Sadbat1122"]
[Black "Aadi3110theking"]
[Result "1-0"]
[WhiteElo "1862"]
[BlackElo "2065"]
[Annotator "NA"]
[PlyCount "67"]
[EventDate "2020.08.29"]
[EventType "swiss (rapid)"]

1. e4 {[%emt 0:00:02]} c5 {[%emt 0:00:04]} 2. Nf3 {[%emt 0:00:06]} Nc6 {[%emt 0:00:04]} 3. c3 {[%emt 0:00:02]} d6 {[%emt 0:00:55]} 4. Bb5 {[%emt 0:00:03]} a6 {[%emt 0:00:13]} 5. Bxc6+ {[%emt 0:00:04]} bxc6 {[%emt 0:00:08]} 6. d4 {[%emt 0:00:04]} cxd4 {[%emt 0:00:06]} 7. cxd4 {[%emt 0:00:03]} Nf6 {[%emt 0:00:07]} 8. Nc3 {[%emt 0:00:02]} g6 {[%emt 0:00:15]} 9. O-O {[%emt 0:00:06]} Bg7 {[%emt 0:00:08]} 10. e5 {[%emt 0:00:06]} Nd5 {[%emt 0:00:20]} 11. exd6 {[%emt 0:00:04]} Qxd6 {[%emt 0:00:13]} 12. Ne4 {[%emt 0:00:10]} Qd8 {[%emt 0:00:10]} 13. Nc5 {[%emt 0:00:18]} O-O {[%emt 0:00:09]} 14. Qa4 {[%emt 0:00:11]} Qb6 {[%emt 0:00:21]} 15. a3 {[%emt 0:00:21]} Rd8 {[%emt 0:00:16]} 16. b4 {[%emt 0:00:14]} Bg4 {[%emt 0:00:08]} 17. Ne5 {[%emt 0:00:10]} Bxe5 {[%emt 0:02:30]} 18. dxe5 {[%emt 0:00:04]} Qc7 {[%emt 0:00:47]} 19. Bb2 {[%emt 0:00:20]} Nf4 {[%emt 0:00:08]} 20. Qb3 {[%emt 0:00:43]} Qc8 {[%emt 0:01:39]} 21. Qe3 {[%emt 0:00:28]} Qf5 {[%emt 0:00:38]} 22. Rfe1 {[%emt 0:00:29]} Qg5 {[%emt 0:01:01]} 23. Ne4 {[%emt 0:01:01]} Qf5 {[%emt 0:00:20]} 24. Ng3 {[%emt 0:00:04]} Qg5 {[%emt 0:00:15]} 25. f3 {[%emt 0:00:43]} Bf5 {[%emt 0:01:10]} 26. Bc1 {[%emt 0:00:19]} e6 {[%emt 0:03:00]} 27. Qxf4 {[%emt 0:00:05]} Qe7 {[%emt 0:00:07]} 28. Nxf5 {[%emt 0:00:08]} exf5 {[%emt 0:00:13]} 29. Be3 {[%emt 0:00:05]} a5 {[%emt 0:00:26]} 30. Bc5 {[%emt 0:00:03]} Qe6 {[%emt 0:00:06]} 31. Rad1 {[%emt 0:00:15]} Rd5 {[%emt 0:00:13]} 32. Rxd5 {[%emt 0:00:06]} Qxd5 {[%emt 0:00:09]} 33. Qd4 {[%emt 0:00:07]} Qe6 {[%emt 0:00:06]} 34. Qd6 {[%emt 0:00:04] Aadi3110theking resigns Aadi3110theking resigns Aadi3110theking resigns (Lag: Av=2.12s, max=5.1s) (Lag: Av=2.12s, max=5.1s) (Lag: Av=2.12s, max=5.1s)} 1-0

[Event "Stay Safe Play From Home slow tournament"]
[Site "Emanuel Lasker Arena"]
[Date "2020.08.29"]
[Round "5"]
[White "Dave_H"]
[Black "Aap64"]
[Result "1-0"]
[WhiteElo "1849"]
[BlackElo "1783"]
[Annotator "NA"]
[PlyCount "39"]
[EventDate "2020.08.29"]
[EventType "swiss (rapid)"]
[WhiteTeam "SK Vellmar"]
[TimeControl "900+5"]

{Halt, David (2088)} 1. e4 {[%emt 0:00:02]} e6 {[%emt 0:00:05]} 2. d4 {[%emt 0:00:03]} d5 {[%emt 0:00:01]} 3. Nd2 {[%emt 0:00:01]} Nf6 {[%emt 0:00:03]} 4. e5 {[%emt 0:00:02]} Nfd7 {[%emt 0:00:02]} 5. Bd3 {[%emt 0:00:01]} c5 {[%emt 0:00:01]} 6. c3 {[%emt 0:00:01]} Nc6 {[%emt 0:00:04]} 7. Ne2 {[%emt 0:00:02]} f6 {[%emt 0:00:31]} 8. Nf4 {[%emt 0:00:14]} Nb6 {[%emt 0:01:07]} 9. Qh5+ {[%emt 0:00:07]} Ke7 {[%emt 0:00:23]} 10. Bxh7 {[%emt 0:00:08]} cxd4 {[%emt 0:00:20]} 11. Ng6+ {[%emt 0:00:03]} Kd7 {[%emt 0:00:11]} 12. Nxh8 {[%emt 0:00:03]} dxc3 {[%emt 0:00:24]} 13. bxc3 {[%emt 0:00:05]} Nxe5 {[%emt 0:00:04]} 14. O-O {[%emt 0:00:05]} Qc7 {[%emt 0:00:41]} 15. Ng6 {[%emt 0:00:40]} Nxg6 {[%emt 0:00:14]} 16. Qxg6 {[%emt 0:00:09]} Qxc3 {[%emt 0:00:04]} 17. Rb1 {[%emt 0:00:09]} Nc4 {[%emt 0:00:15]} 18. Nxc4 {[%emt 0:00:04]} Qxc4 {[%emt 0:00:05]} 19. Qf7+ {[%emt 0:00:04]} Be7 {[%emt 0:00:03]} 20. Ba3 {[%emt 0:00:03] Aap64 gibt auf (Lag: Av=0.50s, max=0.9s)} 1-0